| 000 | 00760nac a22002051u 4500 | ||
|---|---|---|---|
| 010 | _a 00033197 | ||
| 020 | _a020139815X | ||
| 082 | 0 | 0 |
_a005.1 _bS6977 |
| 090 |
_c4420 _d4420 |
||
| 100 | _aSommerville, Ian, | ||
| 245 | 1 | 0 |
_aSoftware engineering / _cIan Sommerville. |
| 250 | _a6th ed. | ||
| 260 |
_aHarlow, England ; _aNew York : _bAddison-Wesley, _c2000. |
||
| 300 |
_axx, 693 p. : _bill. ; _c25 cm. |
||
| 440 | 0 | _aInternational computer science series | |
| 504 | _aIncludes bibliographical references (p. [663]-677) and index. | ||
| 650 | 0 | _aSoftware engineering. | |
| 942 |
_cBB _k005.1S6977 |
||
| 999 |
_c4420 _d4420 |
||